[Event "84th Tata Steel Challengers 2022"]
[Site "Wijk aan Zee"]
[Date "2022.01.16"]
[Round "2.4"]
[White "Warmerdam, Max"]
[Black "Erigaisi Arjun"]
[Result "0-1"]
[WhiteElo "2599"]
[BlackElo "2629"]
[Annotator "TA"]
[PlyCount "50"]
[EventDate "2022.01.15"]
[EventType "tourn"]
[EventCountry "NED"]
[SourceTitle "playchess.com"]
[Source "ChessBase"]
[SourceQuality "1"]

1. c4 e6 2. g3 d5 3. Bg2 Nf6 4. Nf3 Be7 5. d4 O-O 6. O-O dxc4 7. Qc2 b5 8. a4 b4 9. Nfd2 Nd5 10. Nxc4 c5 11. dxc5 Bxc5 12. e4 Nb6 13. Ncd2 N8d7 14. a5 Ba6 15. axb6 Rc8 16. Rxa6 Bxf2+ 17. Kxf2 Rxc2 18. bxa7 Nb6 19. Kg1 Qc8 20. Rxb6 Qc5+ 21. Kh1 Qxb6 22. Nf3 Qxa7 23. Bf4 Rxb2 24. Nbd2 Qa2 25. Rc1 Rd8 0-1

[Event "Tata Steel Tienkampen 2023"]
[Site "Wijk aan Zee"]
[Date "2023.01.21"]
[Round "2.4"]
[White "Van Dael, Siem"]
[Black "Zwirs, Nico"]
[Result "0-1"]
[WhiteElo "2291"]
[BlackElo "2467"]
[Annotator "TA"]
[PlyCount "70"]
[EventDate "2023.01.20"]
[EventType "swiss"]
[EventCountry "NED"]
[SourceTitle "playchess.com"]
[Source "ChessBase"]
[SourceQuality "1"]

1. e4 c5 2. Nf3 d6 3. d4 cxd4 4. Nxd4 Nf6 5. Nc3 a6 6. Be3 e5 7. Nb3 Be7 8. f3 Be6 9. Qd2 h5 10. O-O-O Nbd7 11. Kb1 Qc7 12. h4 b5 13. Nd5 Nxd5 14. exd5 Bf5 15. Bd3 Bxd3 16. Qxd3 Rc8 17. Nd2 Qb7 18. Ne4 Nf6 19. Nxf6+ Bxf6 20. Bg5 Rc4 21. g3 Be7 22. b3 Rd4 23. Qe2 Rxd5 24. Rxd5 Qxd5 25. Rd1 Qc6 26. Qd3 g6 27. f4 Bxg5 28. hxg5 O-O 29. f5 e4 30. Qd4 Rc8 31. c4 gxf5 32. Qf6 d5 33. Qxf5 dxc4 34. Rc1 e3 35. Rc2 Re8 0-1

[Event "84th Tata Steel Masters 2022"]
[Site "Wijk aan Zee"]
[Date "2022.01.16"]
[Round "2.5"]
[White "Mamedyarov, Shakhriyar"]
[Black "Esipenko, Andrey"]
[Result "1/2-1/2"]
[WhiteElo "2767"]
[BlackElo "2714"]
[Annotator "TA"]
[PlyCount "52"]
[EventDate "2022.01.15"]
[EventType "tourn"]
[EventCountry "NED"]
[SourceTitle "playchess.com"]
[Source "ChessBase"]
[SourceQuality "1"]

1. d4 Nf6 2. c4 e6 3. g4 d5 4. g5 Ne4 5. Bg2 Bb4+ 6. Kf1 Be7 7. h4 O-O 8. Nh3 c6 9. Qc2 e5 10. Nd2 Nxd2+ 11. Bxd2 exd4 12. cxd5 cxd5 13. Nf4 Be6 14. g6 Nc6 15. gxh7+ Kh8 16. Qb3 Qd7 17. Bxd5 Bxd5 18. Qxd5 Rad8 19. Qxd7 Rxd7 20. Rc1 Kxh7 21. Nd3 Rd5 22. Bf4 Re8 23. Bg3 Bd6 24. Rg1 Re4 25. f3 Re7 26. Bf2 f6 1/2-1/2

[Event "82nd Tata Steel Masters 2020"]
[Site "Wijk aan Zee"]
[Date "2020.01.12"]
[Round "2.5"]
[White "Xiong, Jeffery"]
[Black "Van Foreest, Jorden"]
[Result "1-0"]
[WhiteElo "2712"]
[BlackElo "2644"]
[Annotator "TA"]
[PlyCount "71"]
[EventDate "2020.01.11"]
[EventType "tourn"]
[EventCountry "NED"]
[SourceTitle "playchess.com"]
[Source "ChessBase"]
[SourceQuality "1"]

1. e4 c5 2. Nf3 d6 3. Bb5+ Bd7 4. Bxd7+ Qxd7 5. c4 Nf6 6. Nc3 g6 7. d4 cxd4 8. Nxd4 Bg7 9. f3 O-O 10. Be3 Nc6 11. O-O a6 12. Qd3 Rfc8 13. b3 b5 14. cxb5 Ne5 15. Qd2 d5 16. Nxd5 Nxd5 17. exd5 axb5 18. Rad1 b4 19. Qe2 Rc3 20. Bf2 Bf6 21. Nb5 Rcc8 22. d6 Rab8 23. Nc7 exd6 24. Nd5 Bd8 25. f4 Ng4 26. Bd4 Rb5 27. Qf3 Qf5 28. Rfe1 Bh4 29. Bb2 Bf2+ 30. Kh1 Bh4 31. g3 Nf2+ 32. Qxf2 Rxd5 33. gxh4 Rxd1 34. Rxd1 Rc2 35. Qd4 f6 36. Rc1 1-0

[Event "83rd Tata Steel Masters 2021"]
[Site "Wijk aan Zee"]
[Date "2021.01.17"]
[Round "2.5"]
[White "Van Foreest, Jorden"]
[Black "Giri, Anish"]
[Result "1/2-1/2"]
[WhiteElo "2671"]
[BlackElo "2764"]
[Annotator "TA"]
[PlyCount "86"]
[EventDate "2021.01.16"]
[EventType "tourn"]
[EventCountry "NED"]
[SourceTitle "playchess.com"]
[Source "ChessBase"]
[SourceQuality "1"]

1. e4 e5 2. Nf3 Nf6 3. Nxe5 d6 4. Nf3 Nxe4 5. Nc3 Nxc3 6. dxc3 Be7 7. Bf4 Nc6 8. Bc4 Bf5 9. Qd2 Qd7 10. O-O-O Be6 11. Bxe6 Qxe6 12. Kb1 O-O-O 13. Nd4 Qd7 14. Nxc6 Qxc6 15. Qe3 Bf6 16. Qxa7 Qxg2 17. Qa8+ Kd7 18. Qa4+ Kc8 19. Qa8+ Kd7 20. Qa4+ Kc8 21. Rhe1 Qc6 22. Qxc6 bxc6 23. c4 Kb7 24. c3 c5 25. Kc2 Ra8 26. Ra1 g5 27. Bd2 Rhg8 28. Re3 g4 29. h3 h5 30. hxg4 hxg4 31. Rg3 Be5 32. f4 gxf3 33. Rxf3 f6 34. a3 Rg4 35. Kd3 c6 36. Raf1 d5 37. Bf4 dxc4+ 38. Kc2 Rd8 39. Bxe5 fxe5 40. Rf7+ Kb6 41. Re7 Rf4 42. Rxf4 exf4 43. Rf7 Rh8 1/2-1/2

[Event "84th Tata Steel Challengers 2022"]
[Site "Wijk aan Zee"]
[Date "2022.01.16"]
[Round "2.5"]
[White "Maurizzi, Marc`Andria"]
[Black "Jumabayev, Rinat"]
[Result "1/2-1/2"]
[WhiteElo "2496"]
[BlackElo "2631"]
[Annotator "TA"]
[PlyCount "56"]
[EventDate "2022.01.15"]
[EventType "tourn"]
[EventCountry "NED"]
[SourceTitle "playchess.com"]
[Source "ChessBase"]
[SourceQuality "1"]

1. d4 d5 2. c4 e6 3. Nc3 Nf6 4. cxd5 exd5 5. Bg5 c6 6. e3 Be7 7. Bd3 Nbd7 8. h3 O-O 9. Bf4 Re8 10. Nf3 Nf8 11. Ne5 Ng6 12. Bg3 Bb4 13. Qb3 Qe7 14. O-O Be6 15. Qc2 c5 16. dxc5 Bxc5 17. Nxg6 hxg6 18. Na4 Bb4 19. a3 Rac8 20. Qd1 Bd6 21. Bxd6 Qxd6 22. Nc3 Qb6 23. Na4 Qd6 24. Nc3 Qb6 25. Na4 Qd6 26. Nc3 Qb6 27. Na4 Qd6 28. Nc3 Qb6 1/2-1/2

[Event "82nd Tata Steel Qualifiers 2020"]
[Site "Wijk aan Zee"]
[Date "2020.01.18"]
[Round "2.5"]
[White "Suleymanli, Aydin"]
[Black "Pijpers, Arthur"]
[Result "1-0"]
[WhiteElo "2473"]
[BlackElo "2480"]
[Annotator "TA"]
[PlyCount "75"]
[EventDate "2020.01.18"]
[EventCountry "NED"]
[SourceTitle "playchess.com"]
[Source "ChessBase"]
[SourceQuality "1"]

1. d4 Nf6 2. c4 g6 3. Nc3 Bg7 4. e4 d6 5. f4 c5 6. d5 O-O 7. Nf3 e6 8. Be2 exd5 9. cxd5 b5 10. e5 dxe5 11. fxe5 Ng4 12. Bg5 Qb6 13. O-O a6 14. d6 Be6 15. Nd5 Bxd5 16. Qxd5 Nd7 17. e6 Ngf6 18. Bxf6 Nxf6 19. Qe5 Nh5 20. Qd5 Nf6 21. Qe5 Nh5 22. Qe4 f5 23. Qe3 Qxd6 24. Rad1 f4 25. Qb3 c4 26. Rxd6 cxb3 27. axb3 Bxb2 28. Ng5 Nf6 29. Bf3 Ra7 30. Re1 Re8 31. Nf7 Kg7 32. Nd8 Ba3 33. Rd3 Bc5+ 34. Kf1 Be3 35. Red1 Rc7 36. Rd6 g5 37. Nc6 Kf8 38. Rd8 1-0

[Event "Tata Steel Tienkampen 2023"]
[Site "Wijk aan Zee"]
[Date "2023.01.21"]
[Round "2.5"]
[White "De Winter, Arthur"]
[Black "Beukema, Stefan"]
[Result "1-0"]
[WhiteElo "2371"]
[BlackElo "2411"]
[Annotator "TA"]
[PlyCount "37"]
[EventDate "2023.01.20"]
[EventType "swiss"]
[EventCountry "NED"]
[SourceTitle "playchess.com"]
[Source "ChessBase"]
[SourceQuality "1"]

1. e4 e5 2. Nf3 Nc6 3. d4 exd4 4. Bc4 Bc5 5. Ng5 Nh6 6. Nxf7 Nxf7 7. Bxf7+ Kxf7 8. Qh5+ g6 9. Qxc5 d6 10. Qb5 Re8 11. O-O Qf6 12. Nd2 a6 13. Qd3 Be6 14. Nf3 d5 15. Ng5+ Kg8 16. Bd2 Rad8 17. Rfe1 Kg7 18. Qg3 Ne5 19. Nxh7 1-0

[Event "82nd Tata Steel Masters 2020"]
[Site "Wijk aan Zee"]
[Date "2020.01.12"]
[Round "2.6"]
[White "Giri, Anish"]
[Black "Caruana, Fabiano"]
[Result "1/2-1/2"]
[WhiteElo "2768"]
[BlackElo "2822"]
[Annotator "TA"]
[PlyCount "126"]
[EventDate "2020.01.11"]
[EventType "tourn"]
[EventCountry "NED"]
[SourceTitle "playchess.com"]
[Source "ChessBase"]
[SourceQuality "1"]

1. d4 Nf6 2. c4 e6 3. Nc3 Bb4 4. Qc2 O-O 5. e4 d5 6. e5 Ne4 7. Bd3 c5 8. Nf3 cxd4 9. Nxd4 Nd7 10. Bf4 Qh4 11. g3 Qh5 12. O-O g5 13. cxd5 gxf4 14. dxe6 Nxc3 15. exd7 Bxd7 16. bxc3 Rac8 17. Qd1 Qxd1 18. Raxd1 Bxc3 19. Bf5 Rcd8 20. Bxd7 Rxd7 21. Nf5 Rxd1 22. Rxd1 fxg3 23. hxg3 Bxe5 24. Rd7 b6 25. Rxa7 h5 26. Ra6 Rb8 27. Kg2 Kh7 28. Kf3 Bc3 29. Ra7 Kg6 30. Ne7+ Kg7 31. Rc7 Bf6 32. Nf5+ Kg6 33. Ne3 Bd4 34. Nd5 Ra8 35. Nf4+ Kf6 36. Nxh5+ Kg5 37. Nf4 Ra3+ 38. Ke4 Ra4 39. Kd5 Kg4 40. Rc2 Bc5 41. Rd2 Kf5 42. Ng2 Ra5 43. Kc6 Ke4 44. Ne1 Ra3 45. Rc2 f5 46. Kd7 f4 47. gxf4 Kxf4 48. Ke6 Kg5 49. Kd5 Kf5 50. Re2 Ra4 51. Kc6 Ra3 52. Nc2 Rf3 53. Ne3+ Ke4 54. Kb5 Kd3 55. Rb2 Bd4 56. Rb3+ Ke4 57. Nd1 Rf5+ 58. Kc4 Rc5+ 59. Kb4 Ra5 60. f3+ Kf4 61. Nc3 Bxc3+ 62. Kxc3 Rxa2 63. Rxb6 Kxf3 1/2-1/2

[Event "84th Tata Steel Masters 2022"]
[Site "Wijk aan Zee"]
[Date "2022.01.16"]
[Round "2.6"]
[White "Karjakin, Sergey"]
[Black "Dubov, Daniil"]
[Result "1/2-1/2"]
[WhiteElo "2743"]
[BlackElo "2720"]
[Annotator "TA"]
[PlyCount "46"]
[EventDate "2022.01.15"]
[EventType "tourn"]
[EventCountry "NED"]
[SourceTitle "playchess.com"]
[Source "ChessBase"]
[SourceQuality "1"]

1. Nf3 Nf6 2. c4 c5 3. Nc3 e6 4. g3 d5 5. cxd5 exd5 6. d4 Nc6 7. Bg2 cxd4 8. Nxd4 Bc5 9. Nb3 Bb6 10. O-O d4 11. Na4 O-O 12. Bg5 h6 13. Nxb6 axb6 14. Bxc6 bxc6 15. Bxf6 Qxf6 16. Qxd4 Rd8 17. Qxf6 gxf6 18. Rfd1 Rxd1+ 19. Rxd1 Be6 20. Nc1 Bxa2 21. Nxa2 Rxa2 22. Rd6 Kg7 23. Rxc6 Rxb2 1/2-1/2

[Event "83rd Tata Steel Masters 2021"]
[Site "Wijk aan Zee"]
[Date "2021.01.17"]
[Round "2.6"]
[White "Harikrishna, Pentala"]
[Black "Esipenko, Andrey"]
[Result "1/2-1/2"]
[WhiteElo "2732"]
[BlackElo "2677"]
[Annotator "TA"]
[PlyCount "94"]
[EventDate "2021.01.16"]
[EventType "tourn"]
[EventCountry "NED"]
[SourceTitle "playchess.com"]
[Source "ChessBase"]
[SourceQuality "1"]

1. e4 c6 2. d4 d5 3. e5 c5 4. Nf3 cxd4 5. Nxd4 Nc6 6. c4 e6 7. Nc3 Bb4 8. Be2 Nge7 9. O-O dxc4 10. Nxc6 Qxd1 11. Rxd1 Nxc6 12. Nb5 O-O 13. Bf4 a6 14. Nc3 Bc5 15. Bf3 Rb8 16. Bxc6 bxc6 17. Rd2 Be7 18. Rad1 a5 19. Be3 f6 20. exf6 gxf6 21. Rd4 Rxb2 22. Rxc4 Rd8 23. Rxd8+ Bxd8 24. Rxc6 Bd7 25. Rd6 Rb7 26. h3 f5 27. Rd1 Be7 28. Bd4 Kf7 29. Be5 Bc6 30. Ne2 Bd5 31. Nc3 Bc6 32. Ne2 a4 33. Rc1 Bd5 34. Nc3 Ba3 35. Rd1 Bc6 36. Rd8 Bf8 37. Rc8 Bd7 38. Ra8 a3 39. Ra6 Bb5 40. Nxb5 Rxb5 41. f4 h5 42. Ra7+ Kg6 43. Kh2 Rd5 44. Ra6 Kf7 45. Ra7+ Kg6 46. Ra6 Kf7 47. Ra7+ Kg6 1/2-1/2

[Event "84th Tata Steel Challengers 2022"]
[Site "Wijk aan Zee"]
[Date "2022.01.16"]
[Round "2.6"]
[White "Dardha, Daniel"]
[Black "Vogel, Roven"]
[Result "1/2-1/2"]
[WhiteElo "2533"]
[BlackElo "2452"]
[Annotator "TA"]
[PlyCount "123"]
[EventDate "2022.01.15"]
[EventType "tourn"]
[EventCountry "NED"]
[SourceTitle "playchess.com"]
[Source "ChessBase"]
[SourceQuality "1"]

1. d4 d5 2. c4 c6 3. Nf3 Nf6 4. e3 Bg4 5. h3 Bxf3 6. Qxf3 e6 7. Nc3 Bb4 8. Bd2 O-O 9. Bd3 Nbd7 10. a3 Bxc3 11. Bxc3 Re8 12. Rd1 e5 13. dxe5 Nxe5 14. Qf5 Qe7 15. Qxe5 Qxe5 16. Bxe5 Rxe5 17. cxd5 Rxd5 18. Ke2 Kf8 19. Bb1 h6 20. Rxd5 Nxd5 21. g4 a5 22. Bd3 Re8 23. Kd2 Nf6 24. Rc1 Rd8 25. Ke2 Ke7 26. f3 Nd5 27. Bc4 Nc7 28. h4 Ne8 29. Bd3 Nc7 30. Bc4 Ne8 31. Bb3 Rd6 32. Rc5 b6 33. Rf5 f6 34. g5 hxg5 35. hxg5 fxg5 36. Rxg5 Rh6 37. Rg2 Kf6 38. f4 Rh5 39. Bc2 g5 40. Be4 gxf4 41. exf4 Nd6 42. Bxc6 Rc5 43. Ba8 Rc4 44. Kf3 Rd4 45. Re2 Rd3+ 46. Re3 Rxe3+ 47. Kxe3 Nc4+ 48. Kd4 Nxb2 49. Bc6 Kf5 50. Kc3 Nd1+ 51. Kd2 Nf2 52. Ke2 Ng4 53. Kf3 Nf6 54. a4 Ke6 55. Ke3 Kd6 56. Bf3 Kc5 57. f5 b5 58. axb5 a4 59. Kd3 a3 60. Kc3 Kxb5 61. Kb3 Kc5 62. Kxa3 1/2-1/2

[Event "82nd Tata Steel Masters 2020"]
[Site "Wijk aan Zee"]
[Date "2020.01.12"]
[Round "2.7"]
[White "So, Wesley"]
[Black "Anand, Viswanathan"]
[Result "1-0"]
[WhiteElo "2765"]
[BlackElo "2758"]
[Annotator "TA"]
[PlyCount "51"]
[EventDate "2020.01.11"]
[EventType "tourn"]
[EventCountry "NED"]
[SourceTitle "playchess.com"]
[Source "ChessBase"]
[SourceQuality "1"]

1. e4 e5 2. Nf3 Nc6 3. Bc4 Bc5 4. c3 Nf6 5. d3 d6 6. Nbd2 O-O 7. h3 a6 8. Bb3 Be6 9. Bc2 d5 10. Ng5 dxe4 11. Nxe6 fxe6 12. dxe4 Bxf2+ 13. Kxf2 Ng4+ 14. Kg1 Ne3 15. Qe2 Nxc2 16. Rb1 N6d4 17. cxd4 Qxd4+ 18. Kh2 Rf2 19. Qg4 Ne3 20. Qxe6+ Kh8 21. Rg1 Qd3 22. Qxe5 Raf8 23. Qg3 Qe2 24. b4 Rxg2+ 25. Rxg2 Nxg2 26. Qg4 1-0

[Event "84th Tata Steel Masters 2022"]
[Site "Wijk aan Zee"]
[Date "2022.01.16"]
[Round "2.7"]
[White "Shankland, Sam"]
[Black "Grandelius, Nils"]
[Result "1/2-1/2"]
[WhiteElo "2708"]
[BlackElo "2672"]
[Annotator "TA"]
[PlyCount "90"]
[EventDate "2022.01.15"]
[EventType "tourn"]
[EventCountry "NED"]
[SourceTitle "playchess.com"]
[Source "ChessBase"]
[SourceQuality "1"]

1. c4 c5 2. g3 g6 3. Bg2 Bg7 4. Nc3 Nc6 5. Nf3 e5 6. a3 Nge7 7. d3 O-O 8. Nd2 d6 9. Rb1 Rb8 10. b4 b6 11. Nf1 Bb7 12. Ne3 Nd4 13. Bxb7 Rxb7 14. bxc5 dxc5 15. O-O f5 16. Ned5 Nxd5 17. Nxd5 f4 18. f3 Rbf7 19. Kh1 fxg3 20. hxg3 h5 21. Be3 Nf5 22. Rg1 Qd7 23. Kh2 Qd6 24. Bg5 Nd4 25. Kg2 b5 26. Nc3 bxc4 27. dxc4 Qe6 28. Qd3 Rd7 29. Rgd1 Rff7 30. Rb8+ Kh7 31. Rd8 Rb7 32. Ne4 Rb3 33. Rxd4 Rxd3 34. R4xd3 Bh6 35. Rd5 Qa6 36. R1d2 Kg7 37. Rxc5 Qxa3 38. Rxe5 Bxg5 39. Rxg5 Rf5 40. Rd5 Rxg5 41. Nxg5 Qe3 42. Rd7+ Kg8 43. Rd8+ Kg7 44. Rd7+ Kg8 45. Rd8+ Kg7 1/2-1/2

[Event "83rd Tata Steel Masters 2021"]
[Site "Wijk aan Zee"]
[Date "2021.01.17"]
[Round "2.7"]
[White "Tari, Aryan"]
[Black "Wojtaszek, Radoslaw"]
[Result "1/2-1/2"]
[WhiteElo "2625"]
[BlackElo "2705"]
[Annotator "TA"]
[PlyCount "136"]
[EventDate "2021.01.16"]
[EventType "tourn"]
[EventCountry "NED"]
[SourceTitle "playchess.com"]
[Source "ChessBase"]
[SourceQuality "1"]

1. e4 c5 2. Nf3 d6 3. Bb5+ Nd7 4. a4 Ngf6 5. Nc3 a6 6. Be2 b6 7. d4 cxd4 8. Qxd4 e5 9. Qe3 Bb7 10. O-O Be7 11. Nd2 O-O 12. Rd1 Qc7 13. b3 Nc5 14. Bb2 h6 15. b4 Ne6 16. Nc4 Nd7 17. a5 b5 18. Nb6 Nxb6 19. axb6 Qb8 20. Qg3 Kh8 21. Bc1 Bc6 22. Be3 Nf4 23. Bxf4 exf4 24. Qxf4 Qxb6 25. Nd5 Bxd5 26. Rxd5 Qc6 27. Bd3 Qc3 28. Rb1 a5 29. bxa5 Rxa5 30. g3 Kg8 31. Rdxb5 Rxb5 32. Rxb5 Qc7 33. h4 Bf6 34. Qf5 Be5 35. h5 Rb8 36. Rxb8+ Qxb8 37. Bc4 Qc7 38. Bd5 Bf6 39. c4 Bd4 40. Kg2 Bc3 41. f4 Bd4 42. Kh3 Kf8 43. g4 Qa7 44. g5 hxg5 45. fxg5 Be5 46. Kh4 Ke8 47. c5 Qxc5 48. Qxf7+ Kd8 49. Be6 Qc6 50. Bf5 Qb5 51. h6 gxh6 52. gxh6 Qe8 53. Qc4 Ke7 54. h7 Qf7 55. Qc1 Qf6+ 56. Kh3 Qg7 57. Qc7+ Ke8 58. Qc8+ Ke7 59. Qd7+ Kf8 60. Qd8+ Kf7 61. Qg8+ Ke7 62. Qe6+ Kf8 63. Qc8+ Ke7 64. Qc7+ Ke8 65. Qb8+ Ke7 66. Qa7+ Kf8 67. Qf2 Qh6+ 68. Kg4 Kg7 1/2-1/2

[Event "84th Tata Steel Challengers 2022"]
[Site "Wijk aan Zee"]
[Date "2022.01.16"]
[Round "2.7"]
[White "L'Ami, Erwin"]
[Black "Zhu, Jiner"]
[Result "1-0"]
[WhiteElo "2622"]
[BlackElo "2478"]
[Annotator "TA"]
[PlyCount "83"]
[EventDate "2022.01.15"]
[EventType "tourn"]
[EventCountry "NED"]
[SourceTitle "playchess.com"]
[Source "ChessBase"]
[SourceQuality "1"]

1. e4 c5 2. Nf3 Nc6 3. Bb5 g6 4. O-O Bg7 5. Re1 e5 6. d3 Nge7 7. Bg5 h6 8. Bxe7 Nxe7 9. Nc3 a6 10. Bc4 b5 11. Bb3 Bb7 12. a4 Qb6 13. axb5 axb5 14. Rxa8+ Bxa8 15. Qa1 O-O 16. Qa2 Bb7 17. Nd5 Nxd5 18. Bxd5 d6 19. Bxb7 Qxb7 20. Ra1 c4 21. Nd2 d5 22. dxc4 dxc4 23. Qa3 Rd8 24. Qe3 Bf8 25. Nf3 Qc7 26. g3 Rd7 27. Kg2 Kg7 28. Qe2 Bc5 29. Rd1 Rxd1 30. Qxd1 Qc6 31. Qe2 Qd6 32. b3 cxb3 33. cxb3 b4 34. Qc4 Bb6 35. h4 f6 36. h5 Qc5 37. Qe2 g5 38. Nh2 f5 39. exf5 Qd5+ 40. f3 Qd4 41. Kh3 Qa1 42. Qc4 1-0

[Event "80th Tata Steel Challengers 2018"]
[Site "Wijk aan Zee"]
[Date "2018.01.15"]
[Round "3"]
[White "Amin, Bassem"]
[Black "Vidit, Santosh Gujrathi"]
[Result "0-1"]
[WhiteElo "2693"]
[BlackElo "2718"]
[Annotator "TA"]
[PlyCount "118"]
[EventDate "2018.??.??"]
[EventType "tourn"]
[EventCountry "NED"]
[SourceTitle "playchess.com"]
[Source "ChessBase"]
[SourceQuality "1"]

1. e4 c5 2. Nf3 d6 3. Bb5+ Nd7 4. O-O a6 5. Bd3 Ngf6 6. Re1 e6 7. c3 b5 8. Bc2 c4 9. a4 Bb7 10. axb5 axb5 11. Rxa8 Qxa8 12. Na3 Bxe4 13. Bxe4 Nxe4 14. d3 cxd3 15. Qxd3 d5 16. Nxb5 Qb7 17. b4 Be7 18. Bg5 f6 19. Bf4 O-O 20. Nfd4 g5 21. Nxe6 gxf4 22. Nxf8 Ne5 23. Qh3 Ng5 24. Qh5 Qxb5 25. h4 Ngf3+ 26. gxf3 Bxf8 27. Kh2 Qd7 28. Rd1 Qc6 29. Kg2 Qxc3 30. b5 Qb3 31. Rd4 Qxb5 32. Rxf4 Qc6 33. Qf5 Be7 34. h5 Qd7 35. Rg4+ Kh8 36. Qxd7 Nxd7 37. Ra4 Bf8 38. Ra7 Nc5 39. Rf7 Kg8 40. Rxf6 d4 41. f4 d3 42. Kf1 Na4 43. Ra6 Nb2 44. Ra1 Kf7 45. Rb1 Bg7 46. f5 Ke7 47. f3 Kd6 48. Kf2 Bd4+ 49. Ke1 Bc3+ 50. Kf2 Kd5 51. Ke3 Kc4 52. f4 d2 53. Ke2 Kb3 54. Rxb2+ Kxb2 55. Kd1 Bb4 56. f6 Kc3 57. f7 Bf8 58. f5 h6 59. f6 Bd6 0-1

[Event "80th Tata Steel Challengers 2018"]
[Site "Wijk aan Zee"]
[Date "2018.01.15"]
[Round "3"]
[White "Krasenkow, Michal"]
[Black "Van Foreest, Lucas"]
[Result "1/2-1/2"]
[WhiteElo "2671"]
[BlackElo "2481"]
[Annotator "TA"]
[PlyCount "108"]
[EventDate "2018.??.??"]
[EventType "tourn"]
[EventCountry "NED"]
[SourceTitle "playchess.com"]
[Source "ChessBase"]
[SourceQuality "1"]

1. d4 Nf6 2. c4 e6 3. Nc3 Bb4 4. e3 O-O 5. Nf3 c5 6. Bd3 d5 7. O-O cxd4 8. exd4 dxc4 9. Bxc4 b6 10. Bg5 Bb7 11. Re1 Nbd7 12. Rc1 Rc8 13. Qb3 Bxc3 14. Rxc3 Re8 15. Ne5 h6 16. Nxf7 Kxf7 17. Bxe6+ Kf8 18. Bf4 g5 19. Bd6+ Kg7 20. Rce3 Rc6 21. Bb4 Rc7 22. Bc3 Nf8 23. d5 Nxe6 24. Rxe6 Rxe6 25. dxe6 Qd5 26. Qxd5 Bxd5 27. e7 Bf7 28. f4 Rc8 29. Rd1 Bxa2 30. fxg5 hxg5 31. Rd8 Rxc3 32. bxc3 Bf7 33. Ra8 a5 34. c4 Be8 35. Rb8 a4 36. Rxb6 Ne4 37. Ra6 Kf7 38. Ra7 Ke6 39. g3 g4 40. Kg2 Nd6 41. c5 Bc6+ 42. Kf2 Ne8 43. Ke3 Kd5 44. Kd2 Kxc5 45. Ra5+ Kd6 46. Rh5 Bd7 47. h3 gxh3 48. Rh4 Nf6 49. e8=Q Nxe8 50. g4 Nc7 51. Rxh3 Nb5 52. Rh5 Nd4 53. Kc3 Nc6 54. Rh6+ Ke5 1/2-1/2

[Event "80th Tata Steel Challengers 2018"]
[Site "Wijk aan Zee"]
[Date "2018.01.15"]
[Round "3"]
[White "Korobov, Anton"]
[Black "Bok, Benjamin"]
[Result "1-0"]
[WhiteElo "2652"]
[BlackElo "2607"]
[Annotator "TA"]
[PlyCount "117"]
[EventDate "2018.??.??"]
[EventType "tourn"]
[EventCountry "NED"]
[SourceTitle "playchess.com"]
[Source "ChessBase"]
[SourceQuality "1"]

1. d4 d5 2. c4 e6 3. Nc3 c6 4. e3 Nf6 5. Nf3 Nbd7 6. a3 Bd6 7. Bd3 O-O 8. O-O e5 9. cxd5 cxd5 10. Nb5 Bb8 11. dxe5 Nxe5 12. Nxe5 Bxe5 13. f4 Bc7 14. Nxc7 Qxc7 15. b4 Qb6 16. Re1 Re8 17. Qf3 Ne4 18. Bb2 Bf5 19. Rad1 Qg6 20. Be2 Red8 21. Qh5 Rac8 22. Qxg6 hxg6 23. Rc1 Rxc1 24. Rxc1 Rc8 25. Rxc8+ Bxc8 26. b5 f6 27. Bd4 a6 28. bxa6 bxa6 29. g4 g5 30. h3 Kf7 31. Bd3 g6 32. Kg2 Ke6 33. Kf1 Ke7 34. Ke1 Ke6 35. a4 Bd7 36. a5 Bc8 37. Be2 Ng3 38. Bd3 Ne4 39. Bb2 Bb7 40. Ba3 Bc8 41. Bb4 f5 42. Be2 Bb7 43. fxg5 Nxg5 44. h4 Ne4 45. g5 Ke5 46. Be7 d4 47. exd4+ Kxd4 48. h5 Nxg5 49. Bxg5 gxh5 50. Kf2 Kc5 51. Bxh5 Bd5 52. Bd2 Kc6 53. Ke3 Kb7 54. Kd4 Be4 55. Kc5 f4 56. Bxf4 Bg2 57. Kd6 Be4 58. Bg4 Bc6 59. Bc8+ 1-0

[Event "80th Tata Steel Masters 2018"]
[Site "Wijk aan Zee"]
[Date "2018.01.15"]
[Round "3"]
[White "Jones, Gawain C B"]
[Black "Adhiban, B."]
[Result "1-0"]
[WhiteElo "2640"]
[BlackElo "2655"]
[Annotator "TA"]
[PlyCount "110"]
[EventDate "2018.??.??"]
[EventType "tourn"]
[EventRounds "4"]
[EventCountry "NED"]
[SourceTitle "playchess.com"]
[Source "ChessBase"]
[SourceQuality "1"]

1. e4 e6 2. d4 d5 3. Nd2 c5 4. exd5 Qxd5 5. dxc5 Qxc5 6. Ngf3 Nf6 7. Bd3 Nbd7 8. Qe2 Qc7 9. c3 Be7 10. O-O b6 11. Ne4 O-O 12. Bg5 Bb7 13. Bh4 Qf4 14. Bg5 Qc7 15. Rad1 Rfd8 16. Rfe1 Rac8 17. Bh4 Qf4 18. Bg3 Qg4 19. Nxf6+ Bxf6 20. Ba6 Bxa6 21. Qxa6 Nc5 22. Rxd8+ Rxd8 23. Qxa7 Nd3 24. h3 Qc4 25. Rd1 h5 26. Qxb6 Qxa2 27. Ne5 Qxb2 28. Qc7 Rf8 29. Nd7 Qe2 30. Ra1 Qb2 31. Ra7 Bd8 32. Qd6 Qb1+ 33. Kh2 Re8 34. Qc6 h4 35. Nf6+ Bxf6 36. Qxe8+ Kh7 37. Qxf7 hxg3+ 38. fxg3 Qb8 39. Qxf6 Qxa7 40. Qh4+ Kg8 41. Qd8+ Kf7 42. Qxd3 Qc5 43. h4 e5 44. g4 g6 45. Qf3+ Kg7 46. g5 Qc4 47. Qb7+ Kg8 48. Qb4 Qd5 49. Qb8+ Kf7 50. Qa7+ Ke6 51. Qa6+ Kf5 52. Kg3 Qd1 53. Qf6+ Ke4 54. Qf3+ Qxf3+ 55. gxf3+ Kd5 1-0

[Event "80th Tata Steel Challengers 2018"]
[Site "Wijk aan Zee"]
[Date "2018.01.15"]
[Round "3"]
[White "Van Foreest, Jorden"]
[Black "Bluebaum, Matthias"]
[Result "0-1"]
[WhiteElo "2629"]
[BlackElo "2640"]
[Annotator "TA"]
[PlyCount "84"]
[EventDate "2018.??.??"]
[EventType "tourn"]
[EventCountry "NED"]
[SourceTitle "playchess.com"]
[Source "ChessBase"]
[SourceQuality "1"]

1. e4 e6 2. d4 d5 3. Nc3 Nf6 4. Bg5 dxe4 5. Nxe4 Nbd7 6. Nf3 Be7 7. Nxf6+ Bxf6 8. h4 O-O 9. Qe2 c5 10. Qe4 cxd4 11. Bd3 g6 12. O-O-O e5 13. Rhe1 Re8 14. Qd5 Re6 15. Bc4 Qc7 16. Bb3 Nc5 17. Bxf6 Rxf6 18. Rxe5 Nxb3+ 19. axb3 Be6 20. Qc5 Qxc5 21. Rxc5 Bg4 22. Rd3 Re8 23. Ne5 Be2 24. Rxd4 Rxf2 25. g4 Rf1+ 26. Kd2 Rd1+ 27. Ke3 Rxd4 28. Kxd4 f6 29. Nd7 Kf7 30. g5 Rd8 31. Rd5 Bf3 32. Nxf6 Bxd5 33. Nxd5 Ke6 34. c4 Kf5 35. b4 Kg4 36. b5 Kxh4 37. c5 Kxg5 38. c6 bxc6 39. bxc6 h5 40. Ke4 Rc8 41. c7 Kg4 42. Ke3 Kg3 0-1

[Event "81st Tata Steel Challengers 2019"]
[Site "Wijk aan Zee"]
[Date "2019.01.14"]
[Round "3"]
[White "Gledura, Benjamin"]
[Black "Saduakassova, Dinara"]
[Result "1/2-1/2"]
[WhiteElo "2615"]
[BlackElo "2472"]
[Annotator "TA"]
[PlyCount "82"]
[EventDate "2019.01.12"]
[EventType "tourn"]
[EventCountry "NED"]
[SourceTitle "playchess.com"]
[Source "ChessBase"]
[SourceQuality "1"]

1. e4 e5 2. Nf3 Nf6 3. Nxe5 d6 4. Nf3 Nxe4 5. Bd3 d5 6. O-O Be7 7. Re1 Nd6 8. Nc3 c6 9. Qe2 Nd7 10. b4 Nf8 11. b5 Bg4 12. bxc6 bxc6 13. Qe3 Bxf3 14. Qxf3 Ne6 15. Qh5 g6 16. Qg4 O-O 17. Ba3 Nc8 18. Bxe7 Nxe7 19. h4 Nc5 20. Re5 Qd6 21. Rae1 Ne4 22. Qf4 Nxc3 23. dxc3 f6 24. R5e4 Qxf4 25. Rxf4 Kf7 26. c4 Rfe8 27. h5 Rad8 28. c5 Rb8 29. g4 gxh5 30. gxh5 Rg8+ 31. Kh2 Rg5 32. Rh4 Nf5 33. Rh3 Rb4 34. Rg1 Ke6 35. Rxg5 fxg5 36. Rf3 Rh4+ 37. Kg2 Ng7 38. Re3+ Kf6 39. Rf3+ Ke6 40. Re3+ Kf6 41. Rf3+ Ke5 1/2-1/2